Vista normal Vista MARC

Entrada Topical Term

Número de registros utilizados en: 1

001 - CONTROL NUMBER

  • control field: 9703

003 - CONTROL NUMBER IDENTIFIER

  • control field: OSt

005 - DATE AND TIME OF LATEST TRANSACTION

  • control field: 20200903120022.0

008 - FIXED-LENGTH DATA ELEMENTS

  • fixed length control field: 200903|| aca||aabn | a|a d

040 ## - CATALOGING SOURCE

  • Original cataloging agency: OSt
  • Transcribing agency: OSt

150 ## - HEADING--TOPICAL TERM

  • Topical term or geographic name entry element: Organizacón y gestión

670 ## - SOURCE DATA FOUND

  • Source citation: Work cat.: (OSt)4801: Universidad Autónoma de Colombia 9702, Las maestrías en administración en Bogotá : , 2007.